| 000 | 00576nam a2200169 i 4500 | ||
|---|---|---|---|
| 001 | 87562 | ||
| 003 | ES-MaACL | ||
| 005 | 20230906175708.0 | ||
| 007 | t| | ||
| 008 | 041222s1976 sp ||||1| spa d | ||
| 100 | 1 |
_aLabasse, Jean. _969219 |
|
| 245 | 1 | 3 |
_aEl espacio financiero / _cJean Labasse ; [presentación y algunos gráficos sobre el espacio financiero español, José María Sanz García]. |
| 260 |
_aMadrid : _bTecnibar, _c[1976] |
||
| 300 |
_aXXVI, 318 p. : _bil. ; _c23 cm. |
||
| 700 | 1 |
_aSanz García, José María. _9103643 |
|
| 852 |
_aES-MaACL _jA-6469 _bR.95448 |
||
| 999 |
_c87562 _d87562 |
||